Normal view
MARC view
- Polymers
Entry Topical Term
001 - CONTROL NUMBER
- control field: 55940
003 - CONTROL NUMBER IDENTIFIER
- control field: NUST
005 - DATE AND TIME OF LATEST TRANSACTION
- control field: 20210628201600.0
008 - FIXED-LENGTH DATA ELEMENTS
- fixed length control field: 210628|| aca||aabn | a|a d
040 ## - CATALOGING SOURCE
- Original cataloging agency: NUST
- Transcribing agency: NUST
150 ## - HEADING--TOPICAL TERM
- Topical term or geographic name entry element: Polymers
- General subdivision: Additives
670 ## - SOURCE DATA FOUND
- Source citation: Work cat.: (NUST): Fink, Johannes Karl. 55939, A concise introduction to additives for thermoplastic polymers /, c2010.
